01145naa a2200181 a 450000100080000000500110000800800410001910000170006024500410007726000090011852006700012765300180079765300120081565300150082765300180084265300120086077300910087211283592019-04-03 2018 bl uuuu u00u1 u #d1 aGIEHL, A. L. aCarne bovina.h[electronic resource] c2018 aEste artigo apresenta o desempenho da produ????o e do mercado de bovinos em mundial, nacional e estadual. S??o apresentados dados de produ????o, demanda, exporta????o e importa????o, n??mero de bovinocultores, pre??os ao produtor, custos de produ????o, distribui????o geogr??fica da produ????o e perspectivas de futuro para o setor. Os dados s??o relativos principalmente aos anos de 2017 e 2018 (estes ??ltimos parciais), mas na maioria dos casos tamb??m s??o apresentadas informa????es referentes a per??odos anteriores. As principais fontes de dados utilizadas para a elabora????o das tabelas e gr??ficos foram: USDA, IBGE, MDIC/Comex Stat, Cidasc e Epagri/Cepa. abovinocultura aBovinos adesempenho aexporta????es amercado tS??ntese da Agricultura de Santa Catarina 2017-2018, Florian??polis, p. 117-127, 2018.